[Event "Challenge"]
[Site "http://www.queenalice.com/game.php?id=743117"]
[Date "2010.3.8"]
[Round "-"]
[White "miah14"]
[Black "Chessman2004"]
[Result "1/2-1/2"]
[WhiteElo "2419"]
[BlackElo "2268"]

1. e4 c5 2. Nf3 d6 3. d4 cxd4 4. Nxd4 Nf6 5. Nc3 a6 6. Be2 e5 7. Nb3 Be7 8. Qd3
Nc6 9. Nd5 O-O 10. O-O Be6 11. c3 Bxd5 12. exd5 e4 13. Qc2 Ne5 14. Nd2 e3 15.
fxe3 Nxd5 16. Qe4 Nf6 17. Qxb7 d5 18. Nf3 Nxf3+ 19. gxf3 Bd6 20. Rf2 Re8 21. Rg2
Re6 22. Qb3 Bc5 23. Kh1 Bxe3 24. Bxe3 Rxe3 25. Rag1 g6 26. Qa4 Qe7 27. Bd1 Qe6
28. Qh4 Re8 29. Rd2 a5 30. Rd4 Re7 31. Qf2 Qd6 32. Ra4 Qb6 33. Rd4 R7e6 34. Rf1
Qb5 35. Rg1 Qe8 36. Ba4 Qe7 37. Bb5 Qb7 38. Bd3 Re7 39. Rf1 1/2-1/2

[Event "Pinoy Tournament"]
[Site "http://www.queenalice.com/game.php?id=746160"]
[Date "2010.3.14"]
[Round "1"]
[White "castel1341"]
[Black "Chessman2004"]
[Result "0-1"]
[WhiteElo "2058"]
[BlackElo "2273"]

1. e4 c5 2. Nf3 d6 3. d4 cxd4 4. Nxd4 Nf6 5. Nc3 a6 6. Bg5 e5 7. Nf3 Be7 8. Bd3
O-O 9. Qe2 Be6 10. O-O-O b5 11. Bxf6 Bxf6 12. Nd5 Nd7 13. h3 Qa5 14. Kb1 Bxd5
15. exd5 Nc5 16. Qd2 Qa4 17. Ng5 e4 18. Be2 e3 19. Qxe3 Rfe8 20. Qd2 Bxg5 21.
Qxg5 Rxe2 22. Rc1 Ne4 23. Qh5 Rxf2 24. Rhe1 Rc8 25. Qg4 Nd2+ 0-1

[Event "QA-ANNIV-05"]
[Site "http://www.queenalice.com/game.php?id=759003"]
[Date "2010.4.10"]
[Round "4"]
[White "Chessman2004"]
[Black "Alexmonteiro"]
[Result "1-0"]
[WhiteElo "2279"]
[BlackElo "1907"]

1. e4 e6 2. d4 d5 3. e5 c5 4. c3 Nc6 5. Nf3 Qb6 6. a3 Nh6 7. b4 cxd4 8. cxd4 Nf5
9. Be3 f6 10. exf6 gxf6 11. Bd3 Nxe3 12. fxe3 Bh6 13. Qe2 Bd7 14. Nc3 Ne7 15.
O-O O-O 16. Qf2 Rac8 17. Rac1 a5 18. Kh1 axb4 19. Qh4 Kg7 20. Qg4+ Ng6 21. Nxd5
Qd6 22. Nxb4 e5 23. Qe4 f5 24. Qxb7 e4 25. Ne5 Nxe5 26. dxe5 Qe6 27. Rxc8 Rxc8
28. Bb5 Rd8 29. Rd1 1-0

[Event "QA-ANNIV-05"]
[Site "http://www.queenalice.com/game.php?id=793776"]
[Date "2010.6.23"]
[Round "5"]
[White "Chessman2004"]
[Black "DINTERINBEBIM"]
[Result "1/2-1/2"]
[WhiteElo "2284"]
[BlackElo "2406"]

1. e4 e5 2. Nf3 Nf6 3. Nxe5 d6 4. Nf3 Nxe4 5. Qe2 Qe7 6. d3 Nf6 7. Nc3 Qxe2+ 8.
Bxe2 Be7 9. Bg5 c6 10. O-O-O Na6 11. Rhe1 Nc7 12. Ne4 Nxe4 13. dxe4 Bxg5+ 14.
Nxg5 Ke7 15. f4 f6 16. Nf3 Ne6 17. g3 Re8 18. e5 fxe5 19. fxe5 d5 20. c4 dxc4
21. Bxc4 Rf8 22. Re3 a5 23. h4 a4 24. a3 Ra5 25. Kb1 g6 26. Ba2 Ng7 27. Nd4 Nf5
28. Nxf5+ Rxf5 29. Rde1 Rf2 30. e6 Raf5 31. b3 Rf1 32. bxa4 Rxe1+ 33. Rxe1 Rf3
34. g4 Rf4 35. Rg1 Rxa4 36. Rf1 h5 37. Rf7+ Kd6 38. gxh5 gxh5 39. e7 Bd7 40. Rh7
Rxh4 41. Bf7 Kxe7 42. Bxh5+ Kd6 43. Bg6 Rxh7 44. Bxh7 Kd5 45. Kb2 Kd4 46. Kc2 c5
47. Bd3 Bc6 48. Bf1 c4 49. Be2 c3 50. Kc1 Be4 51. Kd1 b6 52. Bb5 Kd5 53. Kc1 Kc5
54. Be2 Bf5 55. Kd1 Kd4 56. Kc1 Be4 57. Ba6 Bd3 58. Bc8 Bg6 59. Ba6 Be4 60. Bf1
Bd3 61. Bh3 Kc4 62. Be6+ Kb5 63. Bb3 Bg6 64. Kd1 Bf5 65. Kc1 Kc5 66. Bg8 Kd4 67.
Bb3 Bg6 68. Bg8 Be4 69. Be6 Kc5 70. Bf7 Bd3 71. Be6 Bb5 72. Kc2 Kd4 73. Bf5 Ba4+
74. Kc1 Kc4 75. Be6+ Kd3 1/2-1/2

[Event "Pinoy Tournament"]
[Site "http://www.queenalice.com/game.php?id=794714"]
[Date "2010.6.25"]
[Round "2"]
[White "Chessman2004"]
[Black "arrabi"]
[Result "1-0"]
[WhiteElo "2280"]
[BlackElo "2008"]

1. e4 c5 2. Nf3 Nc6 3. d4 cxd4 4. Nxd4 d6 5. Nc3 a6 6. Nxc6 bxc6 7. Bc4 e6 8.
O-O Be7 9. Qf3 Bb7 10. Rd1 Qc7 11. Bf4 c5 12. Qg3 e5 13. Be3 g6 14. Qf3 f5 15.
Nd5 Bxd5 16. Bxd5 O-O-O 17. Qe2 Qb6 18. b4 Qb5 19. Bc4 Qc6 20. bxc5 Kd7 21. cxd6
Bxd6 22. exf5 gxf5 23. Bg5 Re8 24. Bxa6 Rb8 25. Qxe5 Qxa6 26. Qxh8 Kc6 27. Qc3+
Kd7 28. Qg7+ Kc6 29. Rxd6+ Kxd6 30. Rd1+ Kc5 31. Qc7+ 1-0

[Event "Challenge"]
[Site "http://www.queenalice.com/game.php?id=810570"]
[Date "2010.7.29"]
[Round "-"]
[White "Chessman2004"]
[Black "miah14"]
[Result "1-0"]
[WhiteElo "2305"]
[BlackElo "2130"]

1. e4 e5 2. Nf3 Nc6 3. Bc4 Bc5 4. d3 Nf6 5. c3 O-O 6. b4 Be7 7. O-O a6 8. Bg5 b5
9. Bxf6 Bxf6 10. Bd5 a5 11. a3 axb4 12. cxb4 Rb8 13. Nc3 Nd4 14. Nxd4 exd4 15.
Ne2 c6 16. Bb3 d6 17. Ng3 g6 18. f4 Be6 19. f5 Bxb3 20. Qxb3 Bg7 21. fxg6 hxg6
22. a4 bxa4 23. Rxa4 Qg5 24. Qc2 Qe3+ 25. Kh1 Be5 26. Ne2 Kg7 27. Rf3 Qg5 28.
Ng1 Qh4 29. g3 Qg5 30. Qxc6 Rbc8 31. Qd5 Rc2 32. Ra2 Rc1 33. Ra7 Bf6 34. Qxd6
Rc2 35. Qf4 Qxf4 36. gxf4 Bh4 37. e5 Re8 38. Rh3 Bf2 39. Nf3 Rc1+ 40. Kg2 Be3
41. Kg3 Rb1 42. Kg4 Rf1 43. b5 Kg8 44. f5 gxf5+ 45. Kxf5 Re6 46. Ra8+ Kg7 47.
Rg3+ Rg6 48. Rxg6+ fxg6+ 49. Ke4 Rb1 50. Ra7+ Kf8 51. Nxd4 Bxd4 52. Kxd4 Rxb5
53. Ke4 Rb2 54. e6 Re2+ 55. Kd5 g5 56. d4 g4 57. Kd6 Rxh2 58. Ra8+ Kg7 59. e7
Re2 60. e8=Q Rxe8 61. Rxe8 Kg6 62. Rg8+ Kf5 63. Rxg4 Kxg4 64. Ke6 Kf4 65. d5 Ke4
66. d6 1-0

[Event "Pinoy Tournament"]
[Site "http://www.queenalice.com/game.php?id=834598"]
[Date "2010.9.18"]
[Round "3"]
[White "capaputi"]
[Black "Chessman2004"]
[Result "0-1"]
[WhiteElo "2221"]
[BlackElo "2293"]

1. c4 Nf6 2. Nc3 e5 3. Nf3 Nc6 4. g3 Bc5 5. Bg2 O-O 6. O-O d6 7. d3 h6 8. a3 Bg4
9. b4 Bb6 10. Nd5 Nxd5 11. cxd5 Nd4 12. Be3 Re8 13. Ra2 Qd7 14. Nxd4 exd4 15.
Bf4 a5 16. Rb2 axb4 17. axb4 Bh3 18. Re1 Bxg2 19. Kxg2 Ra3 20. Rb3 Ra2 21. Rb1
Qf5 22. Kg1 Qxd5 23. Ra1 Rxa1 24. Qxa1 c6 25. Qb2 f5 26. h4 Bd8 27. Qd2 Bf6 28.
Qc1 b5 29. h5 c5 30. bxc5 dxc5 31. Qb2 c4 32. Rb1 Be5 33. Qxb5 Qxb5 34. Rxb5
Bxf4 35. gxf4 c3 36. Kf1 Rc8 37. Rb1 g5 38. hxg6 Kg7 39. e3 c2 40. Rc1 Kxg6 41.
Ke2 Kf7 42. Kd2 h5 43. Ke2 Ke6 44. Kf3 Kd5 45. Kg3 Rc3 46. Kh4 Rxd3 47. Rxc2 Rc3
48. Rd2 d3 49. f3 Kc4 50. Kxh5 Rc1 51. Kg5 Kc3 52. Rh2 d2 53. Rxd2 Kxd2 54. e4
fxe4 55. fxe4 Ke3 56. e5 Kd4 57. Kf6 Kd5 58. f5 Rf1 59. e6 Kd6 0-1

[Event "AUTO-MASTER-1234"]
[Site "http://www.queenalice.com/game.php?id=840196"]
[Date "2010.9.30"]
[Round "1"]
[White "Chessman2004"]
[Black "goldaric"]
[Result "1-0"]
[WhiteElo "2290"]
[BlackElo "1993"]

1. e4 Nf6 2. e5 Nd5 3. c4 Nb6 4. Nf3 d6 5. d4 Bg4 6. Be2 e6 7. exd6 cxd6 8. O-O
Be7 9. h3 Bh5 10. Nc3 O-O 11. b3 Re8 12. Bf4 Nc6 13. Rc1 a6 14. d5 exd5 15. Nxd5
Nxd5 16. Qxd5 Bg6 17. Rfd1 Nb4 18. Qd2 a5 19. a3 Nc6 20. Be3 Bf8 21. Bd3 Bxd3
22. Qxd3 Ne5 23. Qd5 Nxf3+ 24. Qxf3 Qc7 25. Bf4 Re6 26. c5 Rf6 27. cxd6 Qd7 28.
Rc7 Qf5 29. Bg3 Qb5 30. Qxb7 Qxb7 31. Rxb7 Rd8 32. d7 Bxa3 33. Rb8 Be7 34. Rxd8+
Bxd8 35. Bc7 1-0

[Event "AUTO-MASTER-1234"]
[Site "http://www.queenalice.com/game.php?id=840197"]
[Date "2010.9.30"]
[Round "1"]
[White "goldaric"]
[Black "Chessman2004"]
[Result "0-1"]
[WhiteElo "1986"]
[BlackElo "2288"]

1. e4 c6 2. f4 d5 3. e5 Bf5 4. d4 Nh6 5. h3 e6 6. g4 Qh4+ 7. Kd2 Be4 8. Nf3 Qf2+
9. Be2 Bxf3 10. Rf1 Qxd4+ 11. Ke1 Bb4+ 12. c3 Qxd1+ 13. Kxd1 Bxe2+ 14. Kxe2 Be7
15. f5 Nd7 16. Bxh6 gxh6 17. fxe6 fxe6 0-1

[Event "AUTO-MASTER-1234"]
[Site "http://www.queenalice.com/game.php?id=840198"]
[Date "2010.9.30"]
[Round "1"]
[White "Chessman2004"]
[Black "PlinioSalgado"]
[Result "1-0"]
[WhiteElo "2303"]
[BlackElo "1939"]

1. e4 c5 2. Nf3 e6 3. d4 cxd4 4. Nxd4 Nf6 5. Bd3 d6 6. Nc3 a6 7. O-O Be7 8. Qf3
O-O 9. Qg3 Nh5 10. Qh3 g6 11. Bh6 Re8 12. Qe3 Nc6 13. Nxc6 bxc6 14. Rad1 Bf6 15.
Be2 Ng7 16. Na4 c5 17. Nxc5 Qb6 18. Nd7 Qxe3 19. Nxf6+ 1-0

[Event "AUTO-MASTER-1234"]
[Site "http://www.queenalice.com/game.php?id=840199"]
[Date "2010.9.30"]
[Round "1"]
[White "PlinioSalgado"]
[Black "Chessman2004"]
[Result "0-1"]
[WhiteElo "1860"]
[BlackElo "2304"]

1. e4 c6 2. d4 d5 3. e5 Bf5 4. Nf3 e6 5. Be2 Be7 6. O-O Nd7 7. Be3 Nh6 8. c4
dxc4 9. Bxc4 Nb6 10. Bb3 Ng4 11. Nc3 Nxe3 12. fxe3 O-O 13. Qe1 a5 14. e4 Bg4 15.
Qe3 a4 16. Bc2 Nc4 17. Qc1 Bxf3 18. Rxf3 Qxd4+ 19. Kh1 Nxe5 20. Rg3 Bh4 21. Rh3
Ng4 0-1

[Event "AUTO-MASTER-1234"]
[Site "http://www.queenalice.com/game.php?id=840200"]
[Date "2010.9.30"]
[Round "1"]
[White "Chessman2004"]
[Black "stoyan1"]
[Result "1-0"]
[WhiteElo "2291"]
[BlackElo "1918"]

1. e4 e5 2. f4 exf4 3. Nf3 d5 4. exd5 Qxd5 5. Nc3 Qa5 6. d4 g5 7. Bc4 Be6 8. d5
Bd7 9. Nxg5 h6 10. Qe2+ Be7 11. Nxf7 Kxf7 12. d6+ Ke8 13. dxe7 Rh7 14. O-O Rxe7
15. Qf2 Rg7 16. Nd5 c6 17. Qxf4 Qc5+ 18. Be3 1-0

[Event "AUTO-MASTER-1234"]
[Site "http://www.queenalice.com/game.php?id=840201"]
[Date "2010.9.30"]
[Round "1"]
[White "stoyan1"]
[Black "Chessman2004"]
[Result "0-1"]
[WhiteElo "1896"]
[BlackElo "2292"]

1. e4 c6 2. d4 d5 3. e5 Bf5 4. Bd3 Bxd3 5. Qxd3 e6 6. f4 Qh4+ 7. g3 Qh5 8. Be3
Nh6 9. Nd2 Be7 10. h3 Na6 11. Ndf3 O-O 12. O-O-O Ng4 13. Ne2 Nb4 14. Qb3 Nxe3
15. Qxe3 Qg6 16. Qb3 a5 17. a3 a4 18. Qd3 Nxd3+ 19. Rxd3 b5 20. g4 b4 21. g5
bxa3 22. bxa3 Rab8 23. Nc3 Bxa3+ 24. Kd2 Bb4 25. Ke2 c5 26. h4 c4 27. Re3 Qxc2+
0-1

[Event "QA-ANNIV-05"]
[Site "http://www.queenalice.com/game.php?id=841358"]
[Date "2010.10.3"]
[Round "6"]
[White "AndyWo"]
[Black "Chessman2004"]
[Result "1-0"]
[WhiteElo "2604"]
[BlackElo "2293"]

1. e4 c6 2. d4 d5 3. Nc3 dxe4 4. Nxe4 Nf6 5. Nxf6+ exf6 6. c3 Qd5 7. Nf3 Bd6 8.
Be2 O-O 9. O-O Bg4 10. h3 Bf5 11. Nh4 Be4 12. Re1 Bc7 13. Bc4 Qxc4 14. Rxe4 Na6
15. Nf5 Rfe8 16. Qg4 g6 17. Ne7+ Kg7 18. Qh4 h5 19. Bf4 Bxf4 20. Qxf4 Qb5 21.
Rae1 Rf8 22. h4 Qxb2 23. R1e3 Qb1+ 24. Kh2 Qd1 25. Rg3 1-0

[Event "QA-ANNIV-05"]
[Site "http://www.queenalice.com/game.php?id=885920"]
[Date "2011.1.13"]
[Round "7"]
[White "Chessman2004"]
[Black "amand"]
[Result "1-0"]
[WhiteElo "2312"]
[BlackElo "2162"]

1. e4 e6 2. d4 d5 3. e5 c5 4. c3 Nc6 5. Nf3 Qb6 6. a3 cxd4 7. cxd4 Nge7 8. Nc3
Nf5 9. Bb5 Bd7 10. Bxc6 bxc6 11. g4 Ne7 12. Na4 Qb5 13. Nc5 Bc8 14. a4 Qb6 15.
O-O Ng6 16. b4 Bxc5 17. bxc5 Qd8 18. Bg5 f6 19. exf6 gxf6 20. Bh6 Rg8 21. Re1
Qe7 22. h3 Nh8 23. Qd3 Nf7 24. Bf4 f5 25. g5 h6 26. h4 Qf6 27. Kf1 Qg6 28. Ke2
a5 29. Qe3 Ba6+ 30. Kd2 Kd7 31. h5 Nxg5 32. Ne5+ Kd8 33. hxg6 Bc8 34. Bxg5+ hxg5
35. Qxg5+ 1-0

[Event "Pinoy Tournament"]
[Site "http://www.queenalice.com/game.php?id=920845"]
[Date "2011.4.2"]
[Round "4"]
[White "Chessman2004"]
[Black "miah14"]
[Result "1/2-1/2"]
[WhiteElo "2334"]
[BlackElo "2208"]

1. e4 e5 2. Nf3 Nc6 3. Bc4 Bc5 4. d4 exd4 5. O-O d6 6. c3 dxc3 7. Nxc3 Nge7 8.
Na4 Bb6 9. Nxb6 axb6 10. Ng5 Ne5 11. Bb3 Bg4 12. Bxf7+ Nxf7 13. Qxg4 Nxg5 14.
Bxg5 Qd7 15. Qh5+ Ng6 16. Bd2 c6 17. Qf3 b5 18. Rad1 Ne5 19. Qg3 Qc7 20. a3 O-O
21. Bb4 c5 22. Bc3 Rae8 23. f4 Nc6 24. Rfe1 b4 25. axb4 cxb4 26. Bd2 Qb6+ 27.
Kh1 Rf7 28. Bc1 Qc5 29. b3 Rfe7 30. Bb2 g6 31. f5 Qc2 32. Rb1 d5 33. fxg6 d4 34.
gxh7+ Kh8 35. Ba1 Rxe4 36. Rf1 Qe2 37. h3 R4e7 38. Rf2 Qe4 39. Rd1 Rg7 40. Qf4
Qxf4 41. Rxf4 Re2 42. Bxd4 Nxd4 43. Rdxd4 Rgxg2 44. Rf7 Rh2+ 45. Kg1 Reg2+ 46.
Kf1 Rd2 47. Rxd2 Rxd2 48. Rf4 Rd3 49. Rxb4 Rxh3 50. Rxb7 Rd3 51. Rb8+ Kxh7 52.
b4 Ra3 53. Ke2 Kg6 54. b5 Rh3 55. b6 Rb3 56. Kd2 Kf6 57. b7 Kg7 58. Kc2 Rb4 59.
Kc3 1/2-1/2

[Event "QA-ANNIV-05"]
[Site "http://www.queenalice.com/game.php?id=921208"]
[Date "2011.4.3"]
[Round "8"]
[White "Zaubernuss"]
[Black "Chessman2004"]
[Result "0-1"]
[WhiteElo "2410"]
[BlackElo "2319"]

1. c4 e5 2. g3 Nc6 3. Nc3 Nf6 4. Bg2 Bc5 5. Nf3 d6 6. d3 O-O 7. O-O h6 8. a3 Bg4
9. h3 Be6 10. b4 Bb6 11. Bb2 Qd7 12. Kh2 a6 13. Rc1 Ba7 14. e3 a5 15. Qb3 axb4
16. axb4 Ne7 17. b5 Nf5 18. Nd5 Bxd5 19. cxd5 Bb6 20. Ra1 Rxa1 21. Rxa1 Ne7 22.
Nd2 Qf5 23. Kg1 Nd7 24. Ba3 Nc5 25. Bxc5 Bxc5 26. Ne4 Bb6 27. Ra4 Qg6 28. Nd2
Bc5 29. Nc4 Qf5 30. Nb2 Re8 31. Ra2 Qg6 32. Kh2 h5 33. h4 Bxe3 34. fxe3 Nf5 35.
Nc4 Qxg3+ 36. Kg1 Qe1+ 37. Bf1 Ng3 38. Rf2 Nxf1 39. Rxf1 Qg3+ 40. Kh1 Qxh4+ 41.
Kg2 e4 42. Rf4 Qg5+ 43. Kh3 Ra8 44. Na3 h4 45. Rg4 Qxe3+ 46. Kxh4 f6 47. Rxe4
Qf3 0-1

[Event "QA-ANNIV-05"]
[Site "http://www.queenalice.com/game.php?id=953545"]
[Date "2011.6.24"]
[Round "9"]
[White "Chessman2004"]
[Black "csparrow"]
[Result "0-1"]
[WhiteElo "2330"]
[BlackElo "2602"]

1. e4 e5 2. Nf3 Nc6 3. Bc4 Nf6 4. Ng5 Bc5 5. Nxf7 Bxf2+ 6. Kf1 Qe7 7. Nxh8 d5 8.
exd5 Nd4 9. d6 Qxd6 10. c3 Bg4 11. Qa4+ Nd7 12. Kxf2 Qf6+ 13. Ke1 Qh4+ 14. g3
Nf3+ 15. Kf2 Qf6 16. Rf1 Nxh2+ 17. Kg2 Qh6 18. Kf2 Qf6+ 19. Kg2 Qh6 20. Kf2
O-O-O 21. Nf7 Rf8 22. d4 Qh3 23. Re1 Nf3 24. Rf1 Qh2+ 25. Ke3 exd4+ 26. cxd4
Qxg3 0-1

[Event "AUTO-MASTER-1234"]
[Site "http://www.queenalice.com/game.php?id=957074"]
[Date "2011.7.5"]
[Round "2"]
[White "lupengui"]
[Black "Chessman2004"]
[Result "1-0"]
[WhiteElo "2656"]
[BlackElo "2335"]

1. e4 c5 2. Nf3 d6 3. d4 cxd4 4. Nxd4 Nf6 5. Nc3 g6 6. Be3 Bg7 7. Be2 Nc6 8. O-O
O-O 9. f3 Nxd4 10. Bxd4 e5 11. Be3 Be6 12. a4 a6 13. Qc1 Qa5 14. Qd2 Rad8 15.
Rfd1 Rd7 16. Nd5 Qxd2 17. Rxd2 Bxd5 18. exd5 Rc8 19. a5 e4 20. c3 Re8 21. f4 h5
22. h3 h4 23. Rd4 Nh5 24. Rb4 Ng3 25. Bd1 Rc7 26. Ba4 Rec8 27. Kf2 Kf8 28. Ra3
Nh1+ 29. Ke1 Ng3 30. Rb6 Nf5 31. Kd2 Re7 32. Rab3 Rc4 33. R3b4 Rxb4 34. Rxb4 Bh6
35. Bc2 Ng3 36. Rb6 Nf5 37. Bb3 f6 38. c4 g5 39. fxg5 Bxg5 40. Bxg5 fxg5 41. Bd1
e3+ 42. Kd3 Ng3 43. Be2 Ne4 44. b4 Nf2+ 45. Kc3 Ne4+ 46. Kc2 Ke8 47. b5 axb5 48.
cxb5 Ng3 49. Kd3 Ne4 50. Bh5+ Kf8 51. a6 bxa6 52. bxa6 Nc5+ 53. Ke2 Ra7 54. Rxd6
Rxa6 55. Rxa6 Nxa6 56. Kxe3 Ke7 57. Ke4 1-0

[Event "AUTO-MASTER-1234"]
[Site "http://www.queenalice.com/game.php?id=957075"]
[Date "2011.7.5"]
[Round "2"]
[White "Chessman2004"]
[Black "lupengui"]
[Result "0-1"]
[WhiteElo "2338"]
[BlackElo "2626"]

1. e4 e5 2. Nf3 Nc6 3. Bb5 a6 4. Ba4 Nf6 5. O-O b5 6. Bb3 Bd6 7. d4 Bb7 8. dxe5
Nxe5 9. Nc3 Nxf3+ 10. Qxf3 c5 11. Bd5 Nxd5 12. Nxd5 Bxd5 13. exd5 O-O 14. Bf4
Qf6 15. Bxd6 Qxd6 16. Rfe1 Rae8 17. Qf5 g6 18. Qg5 f6 19. Qd2 Re5 20. Rad1 Rfe8
21. Rxe5 Qxe5 22. b3 Qe2 23. Qc1 b4 24. Rf1 Re5 25. Rd1 c4 26. h3 a5 27. d6 c3
28. g3 Kf7 29. h4 Kg7 30. Rf1 Qd2 31. Rd1 Re2 32. Qxd2 Rxd2 33. Rc1 Kf7 34. Kg2
Ke6 35. g4 Kxd6 36. Kg3 Kc5 37. h5 gxh5 38. gxh5 d5 39. f4 d4 40. Kf3 d3 0-1

[Event "AUTO-MASTER-1234"]
[Site "http://www.queenalice.com/game.php?id=957080"]
[Date "2011.7.5"]
[Round "2"]
[White "Rissoli"]
[Black "Chessman2004"]
[Result "0-1"]
[WhiteElo "2091"]
[BlackElo "2329"]

1. e4 c6 2. d4 d5 3. Nc3 dxe4 4. Nxe4 Nf6 5. Ng3 Bg4 6. f3 Bc8 7. Bc4 b5 8. Bb3
c5 9. dxc5 Qxd1+ 10. Kxd1 e5 11. Ne4 Nxe4 12. fxe4 Bb7 13. Nf3 f6 14. Re1 Na6
15. c4 Rd8+ 16. Kc2 Nxc5 17. cxb5 Bxe4+ 18. Rxe4 Nxe4 19. Be3 Bc5 20. Re1 Bxe3
21. Rxe3 Nd6 22. a4 Rc8+ 23. Kb1 Kd7 24. Bd5 Rhd8 25. Bc6+ Ke7 26. g4 h5 27.
Nxe5 fxe5 28. Rxe5+ Kf6 29. Rxh5 Nf7 30. Rf5+ Ke6 31. Rf4 Ne5 32. Re4 Rd2 33. h4
Kd6 34. g5 Nxc6 0-1

[Event "AUTO-MASTER-1234"]
[Site "http://www.queenalice.com/game.php?id=957081"]
[Date "2011.7.5"]
[Round "2"]
[White "Chessman2004"]
[Black "Rissoli"]
[Result "1-0"]
[WhiteElo "2333"]
[BlackElo "2061"]

1. e4 c5 2. Nf3 Nc6 3. Nc3 a6 4. d4 cxd4 5. Nxd4 g6 6. Bc4 Bg7 7. Nxc6 bxc6 8.
Qf3 e6 9. O-O d5 10. exd5 cxd5 11. Re1 Ne7 12. Nxd5 exd5 13. Bxd5 Be6 14. Bxa8
O-O 15. Be4 Qb6 16. c3 f5 17. Bc2 Bd5 18. Qd1 Qb7 19. Rxe7 Qxe7 20. Qxd5+ Kh8
21. Be3 Rd8 22. Qc6 a5 23. Rd1 Rxd1+ 24. Bxd1 Qd8 25. Bb3 Bf6 26. a4 g5 27. Qd5
Qc8 28. Bxg5 Bg7 29. Bd8 1-0

[Event "QA-ANNIV-05"]
[Site "http://www.queenalice.com/game.php?id=983076"]
[Date "2011.9.9"]
[Round "10"]
[White "kasker"]
[Black "Chessman2004"]
[Result "1-0"]
[WhiteElo "2472"]
[BlackElo "2337"]

1. e4 d5 2. exd5 Qxd5 3. Nc3 Qa5 4. d4 Nf6 5. Nf3 e6 6. Bc4 Bd6 7. O-O O-O 8.
Bd2 Qh5 9. Nb5 b6 10. Be2 Bb7 11. Nxd6 cxd6 12. Re1 Qd5 13. c4 Qe4 14. Rc1 Nbd7
15. Bb4 1-0